Jaka część ciała pojawia się w tekście piosenki o miłości? - Statystyki

Ogólne statystyki
  • Ten quiz został rozwiązany 259 razy
  • Średni wynik to 3 z 5
Statystyki odpowiedzi
Odpowiedź % Poprawnych
Oczy
78%
Usta
78%
Serce
74%
Ręce
61%
Włosy
55%
Nie znaleziono quizów pasujących do podanych kryteriów
Rozkład punktacji
Procent ludzi z każdym wynikiem
Percentyl według liczby udzielonych odpowiedzi
Twoja historia wyników
Nie rozwiązałeś tego quizu